[Event "Sardinia World op-A"]
[Site "Orosei"]
[Date "2024.04.30"]
[Round "4"]
[White "Cina`, Vittorio"]
[Black "Atanasov, Anthony"]
[Result "1/2-1/2"]
[WhiteElo "2165"]
[BlackElo "2407"]
[PlyCount "97"]
[EventDate "2024.04.27"]
[EventType "swiss"]
[EventRounds "9"]
[EventCountry "ITA"]
[SourceTitle "CB19_2024"]
[SourceDate "2024.05.08"]
[SourceVersion "1"]
[SourceVersionDate "2024.05.08"]
[SourceQuality "1"]

1. Nf3 d5 2. g3 c6 3. Bg2 Nf6 4. 0-0 Bf5 5. d3 h6 6. c4 Nbd7 7. cxd5 cxd5 8. Nc3 e6 9. Qb3 Nc5 10. Qc2 Rc8 11. Be3 a6 12. Rac1 Ncd7 13. Qb3 b5 14. Nb1 Bd6 15. Rxc8 Qxc8 16. Rc1 Qb7 17. Qc2 Ke7 18. Nd4 Re8 19. Qc6 Qxc6 20. Nxf5+ exf5 21. Rxc6 Nb8 22. Rc2 Kd7 23. Bd4 Be5 24. Bxe5 Rxe5 25. a3 Nc6 26. e3 Re6 27. Nd2 Ne5 28. Nb3 Rb6 29. Bf1 Kd6 30. Be2 Nc6 31. d4 a5 32. Rc5 a4 33. Nc1 Na7 34. Na2 Ne4 35. Rc2 Rc6 36. Rxc6+ Kxc6 37. Nb4+ Kd6 38. Kf1 Nd2+ 39. Ke1 Nc4 40. Bxc4 bxc4 41. Na6 c3 42. bxc3 Nb5 43. Nc5 Nxc3 44. Kd2 Nb1+ 45. Kd3 Nxa3 46. Nxa4 Nc4 47. f3 Na5 48. Nc3 Ke6 49. Ne2 1/2-1/2

[Event "Canadian zt"]
[Site "Toronto"]
[Date "2024.04.01"]
[Round "9"]
[White "Rodrigue Lemieux, Shawn"]
[Black "Atanasov, Anthony"]
[Result "0-1"]
[WhiteElo "2506"]
[BlackElo "2407"]
[PlyCount "126"]
[EventDate "2024.03.27"]
[EventType "team-swiss"]
[EventRounds "10"]
[EventCountry "CAN"]
[SourceTitle "CB15_2024"]
[SourceDate "2024.04.10"]
[SourceVersion "1"]
[SourceVersionDate "2024.04.10"]
[SourceQuality "1"]

1. e4 e5 2. Nf3 Nf6 3. Nxe5 d6 4. Nf3 Nxe4 5. d4 d5 6. Bd3 Bd6 7. 0-0 0-0 8. c4 c6 9. Nc3 Nxc3 10. bxc3 dxc4 11. Bxc4 Bf5 12. Bg5 Qa5 13. Nh4 Be6 14. Bxe6 Qxg5 15. Nf3 Qa5 16. Bh3 Qc7 17. c4 Nd7 18. Rb1 Nf6 19. c5 Be7 20. Qb3 Rab8 21. Ne5 Bxc5 22. Nxf7 Rxf7 23. dxc5 Kh8 24. g3 Re7 25. Rfd1 Qe5 26. Qa3 Rf8 27. Bg2 Ng4 28. Rd2 h5 29. h3 Qg5 30. Rbd1 Re1+ 31. Rxe1 Qxd2 32. Qc1 Qxf2+ 33. Kh1 Nf6 34. Re3 Qxa2 35. Ra3 Qf2 36. Kh2 Re8 37. Rf3 Qd4 38. Qg5 Re1 39. Bf1 Qb2+ 40. Kg1 Qd4+ 41. Kh2 b6 42. cxb6 axb6 43. Qf5 Qd2+ 44. Rf2 Qd6 45. Ra2 Re8 46. Ra4 b5 47. Rf4 Re5 48. Qc8+ Kh7 49. Rf3 Re8 50. Qf5+ Kg8 51. Bd3 Qe5 52. Qg6 Qb2+ 53. Kg1 Re1+ 54. Bf1 Qd4+ 55. Kh2 Qb2+ 56. Kg1 Qe5 57. Rd3 Qc5+ 58. Kg2 Qc2+ 59. Kg1 Qc5+ 60. Kg2 Nd5 61. h4 Qc2+ 62. Kg1 Qc5+ 63. Kg2 Qf8 0-1

[Event "Titled Tuesday intern op 23rd Jan Late"]
[Site "Chess.com INT"]
[Date "2024.01.23"]
[Round "1"]
[White "Atanasov, Anthony"]
[Black "Bouget, Alexandre"]
[Result "1-0"]
[WhiteElo "2384"]
[BlackElo "2188"]
[PlyCount "45"]
[EventDate "2024.01.23"]
[EventType "swiss (blitz)"]
[EventRounds "11"]
[EventCountry "USA"]
[SourceTitle "CB05_2024"]
[SourceDate "2024.01.31"]
[SourceVersion "1"]
[SourceVersionDate "2024.01.31"]
[SourceQuality "1"]

1. d4 Nf6 2. Bf4 c5 3. e3 Qb6 4. Nc3 cxd4 5. exd4 Nc6 6. Nf3 d5 7. Nb5 e5 8. Nxe5 a6 9. Nxf7 Kxf7 10. Bc7 Qxb5 11. Bxb5 axb5 12. 0-0 Bf5 13. Be5 Be7 14. c3 Ra6 15. Qb3 Bd3 16. Bxf6 Bc4 17. Qc2 Bxf6 18. Rfe1 b4 19. b3 Bb5 20. cxb4 Nxd4 21. Qc7+ Kg6 22. Qg3+ Kf7 23. a4 1-0

[Event "Titled Tuesday intern op 16th Jan Early"]
[Site "Chess.com INT"]
[Date "2024.01.16"]
[Round "2"]
[White "Aronian, Levon"]
[Black "Atanasov, Anthony"]
[Result "1/2-1/2"]
[WhiteElo "2725"]
[BlackElo "2384"]
[PlyCount "71"]
[EventDate "2024.01.16"]
[EventType "swiss (blitz)"]
[EventRounds "11"]
[EventCountry "USA"]
[SourceTitle "CB04_2024"]
[SourceDate "2023.10.16"]
[SourceVersion "1"]
[SourceVersionDate "2023.10.16"]
[SourceQuality "1"]

1. e4 e5 2. Bc4 Nf6 3. d3 c6 4. Bb3 d5 5. exd5 cxd5 6. Ne2 Nc6 7. 0-0 Be7 8. Bg5 h6 9. Bh4 0-0 10. Nbc3 Be6 11. d4 e4 12. Nf4 g5 13. Nxe6 fxe6 14. Bg3 Bd6 15. Ne2 b5 16. c3 Kg7 17. f3 exf3 18. Rxf3 Ne4 19. Bc2 Rxf3 20. gxf3 Nxg3 21. hxg3 Qf6 22. Qd3 Rh8 23. Rf1 Ne7 24. Qxb5 h5 25. Qd7 e5 26. f4 gxf4 27. gxf4 exf4 28. Nxf4 Bxf4 29. Rxf4 Qxf4 30. Qxe7+ Kh6 31. Qe6+ Kg5 32. Qxd5+ Kh4 33. Qh1+ Kg5 34. Qd5+ Kh4 35. Qh1+ Kg5 36. Qd5+ 1/2-1/2

[Event "New York 1000 GM Fall GM-A"]
[Site "New York"]
[Date "2023.11.12"]
[Round "8"]
[White "Atanasov, Anthony"]
[Black "Stearman, Josiah P"]
[Result "1-0"]
[WhiteElo "2406"]
[BlackElo "2451"]
[PlyCount "157"]
[EventDate "2023.11.08"]
[EventType "schev"]
[EventRounds "9"]
[EventCountry "USA"]
[SourceTitle "CB46_2023"]
[SourceDate "2023.11.15"]
[SourceVersion "1"]
[SourceVersionDate "2023.11.15"]
[SourceQuality "1"]
[WhiteTeam "Team1"]
[BlackTeam "Team3"]
[WhiteTeamCountry "USA"]
[BlackTeamCountry "USA"]

1. d4 d5 2. Nf3 Nf6 3. a3 e6 4. Bf4 c5 5. e3 Nc6 6. h3 a6 7. Be2 b5 8. 0-0 Bb7 9. Nbd2 c4 10. c3 Bd6 11. Qc2 0-0 12. Rfe1 Ne7 13. Bxd6 Qxd6 14. a4 Nd7 15. Ng5 Ng6 16. h4 h6 17. Nxf7 Kxf7 18. Bh5 e5 19. Qf5+ Kg8 20. Qxg6 Rf6 21. Qg3 Raf8 22. axb5 axb5 23. Nf3 e4 24. Qxd6 Rxd6 25. Nd2 b4 26. cxb4 Rb6 27. b3 c3 28. Nb1 c2 29. Na3 Ba6 30. Nxc2 Bd3 31. Rec1 Nf6 32. Bd1 g5 33. hxg5 hxg5 34. Ne1 g4 35. Ra7 g3 36. fxg3 Bb5 37. Rc2 Ne8 38. Be2 Bxe2 39. Rxe2 Rbf6 40. g4 Rf1+ 41. Kh2 Nf6 42. g5 Ng4+ 43. Kg3 Nf2 44. Re7 Nd1 45. Kh2 Rc8 46. b5 Rb8 47. g4 Rxb5 48. Ng2 Rxb3 49. g6 Rf6 50. Rd7 Rxg6 51. Kg3 Rf6 52. Rxd5 Rf3+ 53. Kh4 Nc3 54. Rg5+ Kf7 55. Rc2 Ke6 56. Re5+ Kd6 57. Kg5 Nd5 58. Rc5 Nxe3 59. Nxe3 Rbxe3 60. Kg6 Rf8 61. g5 Rg3 62. Red5+ Ke6 63. Re5+ Kd6 64. Kg7 Rf4 65. Red5+ Ke6 66. Re5+ Kd6 67. Rcd5+ Kc6 68. Rd8 e3 69. d5+ Kc7 70. Rde8 e2 71. g6 Rfg4 72. R8e6 Rg2 73. Kf7 Kd7 74. Rf6 Rd4 75. Re7+ Kd8 76. Re8+ Kd7 77. Re7+ Kd8 78. Rd6+ Kc8 79. Ke8 1-0

[Event "Titled Tuesday intern op 12th Sep Late"]
[Site "Chess.com INT"]
[Date "2023.09.12"]
[Round "2"]
[White "Atanasov, Anthony"]
[Black "Sivanandan, Bodhana"]
[Result "1-0"]
[WhiteElo "2387"]
[BlackElo "1840"]
[PlyCount "101"]
[EventDate "2023.09.12"]
[EventType "swiss (blitz)"]
[EventRounds "11"]
[EventCountry "USA"]
[SourceTitle "EXT 2024"]
[Source "ChessBase"]
[SourceDate "2023.10.10"]
[SourceVersion "1"]
[SourceVersionDate "2023.10.10"]
[SourceQuality "1"]

1. d4 d6 2. e4 c6 3. Nc3 Nd7 4. Nf3 Qc7 5. Bc4 e6 6. Bf4 Ngf6 7. Ng5 h6 8. Nxe6 fxe6 9. Bxe6 Nb6 10. Bb3 Bg4 11. f3 Bh5 12. Qe2 0-0-0 13. a4 g5 14. Bg3 Kb8 15. a5 Nc8 16. 0-0 Bf7 17. e5 Bxb3 18. cxb3 Nh5 19. a6 Nxg3 20. hxg3 dxe5 21. dxe5 Bc5+ 22. Kh1 b6 23. Rac1 h5 24. Ne4 Be7 25. Nf2 Rd5 26. Rfe1 g4 27. Qc4 gxf3 28. gxf3 h4 29. g4 Rd2 30. Re2 Rxe2 31. Qxe2 Bc5 32. Nd3 Bd4 33. Qe4 c5 34. b4 Ne7 35. bxc5 bxc5 36. Nxc5 Bxc5 37. Rxc5 Qd7 38. Qb4+ Ka8 39. Kh2 Nc6 40. Qe4 Rc8 41. Kh3 Kb8 42. Rb5+ Ka8 43. Rc5 Kb8 44. b3 Qd4 45. Rxc6 Qxe4 46. Rxc8+ Kxc8 47. fxe4 Kd7 48. g5 Ke6 49. g6 Kxe5 50. g7 Kxe4 51. g8Q 1-0

[Event "Toronto Excelsior op"]
[Site "Toronto"]
[Date "2023.09.09"]
[Round "7"]
[White "Mikhalevski, Victor"]
[Black "Atanasov, Anthony"]
[Result "1-0"]
[WhiteElo "2511"]
[BlackElo "2387"]
[PlyCount "63"]
[EventDate "2023.09.06"]
[EventType "swiss"]
[EventRounds "9"]
[EventCountry "CAN"]
[SourceTitle "EXT 2024"]
[Source "ChessBase"]
[SourceDate "2023.10.10"]
[SourceVersion "1"]
[SourceVersionDate "2023.10.10"]
[SourceQuality "1"]

1. d4 d5 2. c4 c6 3. Nf3 Nf6 4. Nc3 a6 5. a4 e6 6. g3 Bb4 7. Bg2 0-0 8. 0-0 a5 9. Qc2 b6 10. b3 Ba6 11. cxd5 Bxc3 12. Qxc3 Bxe2 13. dxe6 fxe6 14. Ng5 Bxf1 15. Kxf1 Ng4 16. Bf4 Qf6 17. Re1 Nxf2 18. Qc2 Nd3 19. Re5 Qg6 20. Be4 Nxe5 21. Bxg6 Nxg6 22. Nxe6 Rf6 23. Qc4 Kh8 24. d5 Ne7 25. Nc7 Ra7 26. d6 Nf5 27. Qe4 Rf8 28. Kg2 Na6 29. d7 Nxc7 30. Bxc7 Rxc7 31. Qe8 Kg8 32. Qxf8+ 1-0